000 00518nam a22001577a 4500
005 20251108174724.0
008 250721s2007 xx 000 0 ara d
082 1 4 _a306.42/مجل
100 1 _aالعسكري، سليمان
_eمحرر
245 1 0 _aالمجلات الثقافية مهمة الإصلاح و سؤال المعرفة /
264 1 _aالكويت :
_bوزارة الإعلام - مجلة العربي،
_c2007.
300 _a2.ج.
650 1 7 _aالمعرفه
942 _2ddc
_cBK
999 _c116352
_d116352